000 00517nam a2200193 a 4500
005 20140310183433.0
008 080110s19uu xx 00 eng d
020 _a0471659037
050 _aHF 5415.13
_b.Aa23 2005
100 _aAaker, David A.
245 _aStrategic market management /
_cDavid A. Aaker
250 _a7th ed.
260 _aU.S.A :
_bJohn Wiley & Sons,
_c2005.
300 _a356 p. :
_c20 cm.
521 _aBSBA
650 _aMarketing
_xManagement.
942 _cBK
_2lcc
_kFOR
999 _c22767
_d22767